[Event "Tata Steel-A 76th"]
[Site "Wijk aan Zee"]
[Date "2014.01.17"]
[Round "5"]
[White "So, Wesley"]
[Black "Gelfand, Boris"]
[Result "1-0"]
[WhiteElo "2719"]
[BlackElo "2777"]
[Annotator "So,Wesley"]
[PlyCount "57"]
[EventDate "2014.01.11"]
[EventType "tourn"]
[EventRounds "11"]
[EventCountry "NED"]
[EventCategory "20"]
[SourceTitle "CBM 159"]
[Source "ChessBase"]
[SourceDate "2014.03.17"]
[SourceVersion "1"]
[SourceVersionDate "2014.03.17"]
[SourceQuality "1"]

1. e4 c5 2. Nf3 Nc6 3. Nc3 {So far, White hasn't found anything substantial
against the Sveshnikov, and I think this is a good option to avoid it.} e5 ({
Against} 3... Nf6 {I was going to play} 4. Bb5 Qc7 5. d3 {and this seems to be
okay for White. Here are some variations which I have analysed:} d6 {This move
seems to be the best for Black.} (5... Nd4 6. Bc4 a6 (6... e6 {is not very
good due to} 7. Nxd4 $1 cxd4 8. Nb5 Qb6 9. c3 d5 (9... dxc3 10. Nxc3) 10. Bf4
dxc4 11. Nc7+ Kd8 (11... Ke7 12. Nxa8 Qxb2 13. Rc1 dxc3 14. O-O) 12. dxc4 $16)
(6... Nxf3+ 7. Qxf3 e6 8. O-O) 7. Nxd4 cxd4 8. Ne2 e6 9. Bb3 Bc5 (9... Bb4+ 10.
Bd2 Bxd2+ 11. Qxd2 e5 12. O-O d6 13. f4 O-O 14. fxe5 dxe5 15. Rxf6 gxf6 16. Ng3
Kh8 17. Qh6 Qe7 18. Nh5 Rg8 19. Nxf6 Rg7 20. Rf1 a5 21. Qh5) 10. O-O b5 (10...
O-O 11. c3 dxc3 12. d4 cxb2 13. Bxb2 Be7 14. e5) (10... d5 11. Bf4 e5 12. Bg5
dxe4 13. Bxf6 gxf6 14. Ng3 exd3 15. cxd3 $16) 11. a4 Bb7 (11... b4 12. Bf4 d6
13. Ng3) 12. Bf4 d6 13. Bg5 Nd7 14. axb5 axb5 15. Rxa8+ Bxa8 16. Nf4 O-O (16...
h6 17. Bh4 g5 18. Nxe6 fxe6 19. Qh5+ Kd8 20. Bxg5+ Kc8 21. Bxe6 Kb8 22. Bxh6)
17. Qg4 Ne5 18. Qh3) (5... e6 6. O-O Bd6 (6... Be7 7. Bxc6 Qxc6 8. Bg5 h6 9.
Bh4 b6 10. e5 Nd5 11. Ne4 O-O 12. c4 Bxh4 13. cxd5 exd5 14. Nd6 Be7 15. Nd4
cxd4 16. Rc1 Bxd6 17. Rxc6 dxc6 18. exd6 Rd8 19. Re1 Be6 20. Qh5) 7. Ba4 a6 8.
Bxc6 dxc6 9. a4 a5 10. Qe2 e5 11. Nd2 Be6 12. b3 O-O 13. Nc4 Bxc4 14. bxc4) (
5... g6 6. O-O Bg7 7. Re1 O-O (7... d6 8. e5 dxe5 9. Nxe5 Bd7 10. Bf4 Qc8 11.
Nxd7 Qxd7 12. Na4 b6 13. Qf3 Rc8 14. Nc3 O-O 15. Bxc6 Rxc6 16. Rxe7 Qxe7 17.
Qxc6 Re8 18. h3 $16) 8. e5 Ng4 9. Bxc6 dxc6 10. Bf4 Nh6 11. Qd2 Nf5 12. e6 Qb6
13. exf7+ Rxf7 14. Ne4 $16) 6. O-O e6 7. Bxc6+ Qxc6 (7... bxc6 8. Qe2 Nd7 (8...
e5 9. Nh4 Be7 (9... g6 10. f4 exf4 11. Bxf4 Nh5 12. Bd2 Bg7 13. Nf5 Be5 14. Nh6
Be6 15. Rae1 O-O-O 16. g4 Ng7 17. Bg5 Rd7 18. Bf6) 10. f4 exf4 11. Bxf4 O-O 12.
e5 $14) 9. b3 Be7 10. Bb2 O-O 11. Nd2 Bf6 12. Nd1 Bxb2 13. Nxb2 $14 {and White
is slightly better here because of his better pawn structure.}) 8. Bg5 b6 (8...
Be7 9. e5 dxe5 10. Nxe5 Qc7 11. Re1 (11. f4 O-O 12. Qf3 Bd7 13. Rae1 Rae8 14.
Bh4 b5) 11... O-O 12. Qf3 Nd7 13. Nxd7 (13. Bxe7 Nxe5 14. Rxe5 Qxe5 15. Bxf8
Kxf8 16. a4 (16. Rd1 Rb8) 16... Rb8 17. Qe4 Qxe4 18. Nxe4 b6 19. a5 Bb7 20.
axb6 axb6 21. Nd6 Ke7 22. Nxb7 Rxb7 23. Kf1) 13... Qxd7 14. Bxe7 Qxe7 15. Re3
Qc7 (15... Bd7 16. Qxb7 Rab8 17. Qxa7 Rxb2 18. Rc1) (15... Rb8 16. Qf4 Bd7 17.
Rae1 Bc6 (17... f6 18. Qh4) 18. Rg3 Rbe8 (18... Kh8 19. Qe5) (18... g6 19. Rh3
Rfe8 20. Qh6 f6 21. Ne4 Bxe4 22. Rxe4 Qg7 23. Qe3) 19. d4) 16. Rae1 Bd7 17. Qg4
) 9. Bxf6 gxf6 10. d4 cxd4 (10... Ba6 11. d5) 11. Nxd4 Qc5 (11... Qd7 12. Qf3)
12. Nb3 Qc4 13. Qf3) 4. Bc4 Be7 5. d3 Nf6 (5... d6 6. O-O Nf6 7. Ng5 $1 O-O 8.
f4 exf4 9. Bxf4 h6 10. Nf3 Be6 11. Nd5 $14 {this line seems to be good for
White.}) 6. Nd2 ({I found no advantage for White in the line} 6. Ng5 O-O 7. f4
exf4 8. Bxf4 d5 $1 9. exd5 Nd4 10. O-O b5 {and now the critical line runs:} 11.
Nxb5 Nxb5 12. Bxb5 Nxd5 13. Qh5 h6 14. Nxf7 Rxf7 15. Qxf7+ Kxf7 16. Bc7+ Nf6
17. Bxd8 Bxd8 $13 {when Black's two pieces assures him of a solid ending.})
6... d6 7. Nf1 Bg4 ({Boris Gelfand used to play another variation, but White
seems to be better there now:} 7... Nd7 8. Ne3 Nb6 9. Ned5 Nxc4 (9... O-O 10.
Nxb6 axb6 11. O-O Be6 12. a4 Nb4 13. b3 $16) 10. dxc4 O-O 11. O-O f5 (11... Be6
12. f4 exf4 13. Bxf4 Nd4 14. Be3 Nc6 15. b3) 12. f4 $1) 8. Qd2 {White avoids
committing the kingside pawns. I wanted to get out of Boris' famous deep
opening preparation, and to get him out of theory. However this move counts
mostly on the surprise factor.} ({Objectively,} 8. f3 {is stronger:} Be6 9. Ne3
O-O 10. O-O {and I have worked on this position a bit, and it seems to me that
White may be able to keep a slight edge in most lines. The lines are quite
dense, but I will try to explain the variations further. And I am interested
to see which line exactly Boris was intending to play.} Rb8 (10... a6 11. a4
Nb4 12. Bd2 d5 13. exd5 Nfxd5 14. Nexd5 Nxd5 15. Re1 Qd6 (15... Bf6 16. a5 Rc8
17. Re4) 16. Nxd5 Bxd5 17. Bc3 Bf6 18. Qe2 Rfe8 19. Bxd5 Qxd5 20. a5 $14 {
White is slightly better, because his rook will be activated via a4.}) (10...
Nh5 11. g3 Bg5 12. Ncd5 Bxe3+ (12... Nf6 13. f4 exf4 14. gxf4 Bh6 (14... Bh4
15. Ng2 Nd7 16. c3 Bf6 17. Bb3 $14) 15. c3 Kh8 16. Qf3 $14) 13. Bxe3 Na5 (13...
Ne7 14. Bg5 Bxd5 15. Bxd5 h6 16. Bh4 $1 Qd7 17. f4 Nxd5 18. exd5 g6 19. f5 Ng7
20. g4 $14) (13... Nf6 14. Bg5 Bxd5 15. Bxd5 h6 16. Bxf6 Qxf6 17. c3 $14) 14.
Qd2 Nxc4 (14... h6 15. Rad1 Bxd5 16. Bxd5 Nf6 17. f4 Nxd5 18. exd5) 15. dxc4
Bxd5 16. Qxd5 Qe7 17. a4 Nf6 18. Qd2 {I think I can evaluate this position
between equal and slightly better for White. The rooks are coming to the
d-file, and he has some pressure.}) 11. a4 Nb4 (11... Nh5 12. Ncd5 Bg5 13. g3)
12. Bd2 Nh5 (12... d5 13. exd5 Nfxd5 14. Nexd5 Nxd5 15. Re1 Bf6 (15... f6 16.
f4 Nxf4 17. Bxf4 Bxc4 18. dxc4 exf4 19. Qe2 Rf7 20. Rad1 Qf8 21. Qe6) (15...
Nc7 16. Qe2 Re8 17. Be3 b6 18. Nb5 Bxc4 19. dxc4 Nxb5 20. axb5 Rb7 21. Rad1 Rd7
22. Bf2) 16. Qe2 Re8 17. Bb5 Rf8 18. Nxd5 Bxd5 19. Bc3 a6 20. Bc4 Re8 21. Bxd5
Qxd5 22. a5 Re6 23. Ra4) 13. Ncd5 Nxd5 14. Nxd5 Bg5 15. g3 Bxd2 16. Qxd2 $14 {
White maintains a small advantage here, even after the exchanges. I think the
preparation can stop here, but for those interested in deeper preparation,
I'll continue analysing:} Nf6 (16... Bxd5 17. Bxd5 Nf6 18. Bb3 Re8 19. Rae1)
17. Ne3 d5 (17... Qd7 18. Qc3 b6 19. b3 h6 20. Rae1) 18. exd5 Nxd5 19. Bxd5
Bxd5 20. Qc3 Qd6 21. f4 Rbe8 22. Nf5 Qc7 23. fxe5 Rxe5 24. Rae1 Rfe8 25. b4 c4
(25... b6 26. d4) 26. dxc4 $14) 8... Nd7 9. Nd5 (9. Ne3 Bg5 10. O-O Be6 11.
Ncd5 O-O 12. c3 Nb6 {will lead to massive exchanges, and a probable draw.})
9... O-O 10. c3 Be6 11. Qc2 Nb6 12. Nxb6 axb6 13. a4 Kh8 (13... Na5 14. Bd5 Qd7
15. Ne3 Bg5 16. Bxe6 fxe6 17. O-O Bxe3 18. Bxe3 Nc6 19. f3 {and since Black
has two doubled pawns, I think White can play this position.}) ({Porbably the
simplest is} 13... Qd7 {preparing 14...d5 next move. After} 14. Ne3 Bg5 15.
Bxe6 fxe6 16. Nc4 Bd8 17. Qb3 Na5 18. Nxa5 Rxa5 19. c4 Be7 $11 {this is
completely equal.}) 14. Bd2 (14. Ne3 Bg5 15. O-O Bxe3 16. Bxe3 d5 17. exd5 Bxd5
{seems to be completely equal to me.}) 14... Qd7 15. Rd1 $6 {This is simply an
inaccuracy. I cannot afford to delay developing my kingside already.} (15. Ne3
Bg5 16. Bxe6 fxe6 17. O-O Bxe3 18. Bxe3 d5 19. f3 d4 20. Bf2 Ra6 21. Qb3 {
maybe White can play this position, with a better pawn structure, although
making progress is difficult.}) 15... d5 ({A stronger move is} 15... Na5 $1 16.
Bxe6 fxe6 {when Black has no problems to say the least.}) 16. exd5 Bxd5 17. Ne3
Be6 18. Qb3 (18. O-O Rfd8 19. Rfe1 Bf6 $11) 18... Qxd3 (18... Na5 19. Bxe6 Qxe6
20. Qxe6 fxe6) 19. Bxe6 fxe6 20. Qxb6 Qe4 $6 {This is where things started to
go downhill quickly for Black.} ({He should have played} 20... e4 21. Bc1 Qa6
22. Qxa6 Rxa6 23. Rd7 Rb8 $11 {I cannot defend my a4-pawn, but with my active
rook on d7, the ending should be around equal.}) 21. b3 Rab8 $2 22. O-O Qg6 23.
a5 (23. Bc1 $16) 23... Rfc8 (23... Rfd8 24. Bc1) 24. Nc4 Qc2 25. Rc1 Qd3 26.
Be3 h6 27. Rfd1 Qf5 28. Rd7 Rf8 29. Rf1 1-0

[Event "Bad Woerishofen op 14th"]
[Site "Bad Woerishofen"]
[Date "1998.03.08"]
[Round "3"]
[White "Kupreichik, Viktor D"]
[Black "Solonar, Stefan"]
[Result "1-0"]
[WhiteElo "2505"]
[BlackElo "2315"]
[Annotator "Solonar,S"]
[PlyCount "83"]
[EventDate "1998.03.06"]
[EventType "swiss"]
[EventRounds "9"]
[EventCountry "GER"]
[SourceTitle "EXT 2015"]
[Source "ChessBase"]
[SourceDate "2014.11.20"]
[SourceVersion "1"]
[SourceVersionDate "2014.11.20"]
[SourceQuality "1"]

{Rochade Europa 6/1998 Seite 67} 1. e4 c5 2. Nc3 Nc6 3. Nf3 e5 4. Bc4 d6 5. d3
Be7 6. O-O Nf6 7. Ng5 O-O 8. f4 exf4 9. Bxf4 h6 10. Nf3 Be6 11. Bxe6 fxe6 12.
Kh1 $4 (12. Qd2 $16) 12... Nxe4 13. Nxe4 Rxf4 14. Qd2 Qf8 15. Ng3 Qf7 16. c3
Rf8 17. Rfe1 Bh4 $2 18. Nxh4 Rxh4 19. Rf1 Qe7 20. Rxf8+ Qxf8 21. Rf1 Qe7 22. h3
Ne5 23. Qe2 Ng6 24. Qe3 Qd7 25. Ne4 Kh7 26. Qg3 d5 27. Rf6 dxe4 28. Qxg6+ Kg8
29. Rxe6 Rf4 30. dxe4 Rf8 31. Kh2 b6 32. e5 Qf7 33. Qxf7+ Kxf7 34. Rc6 Re8 35.
Rc7+ Kg6 36. Rxa7 Rxe5 37. Ra6 Re6 38. a4 Kf6 39. b4 cxb4 40. cxb4 Ke5 41. a5
bxa5 42. Rxe6+ 1-0

[Event "ESP-chT"]
[Site "Salamanca"]
[Date "1998.09.06"]
[Round "2"]
[White "Shirov, Alexei"]
[Black "Lautier, Joel"]
[Result "1-0"]
[WhiteElo "2720"]
[BlackElo "2625"]
[Annotator "Stohl,I"]
[PlyCount "101"]
[EventDate "1998.09.05"]
[EventType "team"]
[EventRounds "9"]
[EventCountry "ESP"]
[SourceTitle "EXT 1999"]
[Source "ChessBase"]
[SourceDate "1998.11.16"]
[SourceVersion "1"]
[SourceVersionDate "1998.11.16"]
[SourceQuality "1"]

1. e4 c5 2. Nf3 ({A short reminiscence of one of the great classics:} 2. Nc3
Nc6 3. Nge2 e5 $6 4. Nd5 $1 Nf6 5. Nec3 Be7 6. Bc4 O-O 7. d3 h6 8. f4 d6 9. f5
b6 10. h4 $1 Bb7 11. a3 Rc8 12. Nxf6+ Bxf6 13. Qh5 Ne7 14. Bg5 $1 d5 15. Bxf6
dxc4 16. Qg4 $18 {Fischer,R-Naranja,R/Meralco/1967/ The connection with this
exemplary game will become clear soon enough.}) 2... Nc6 3. Nc3 e5 $5 {A
surprise, as this move hasn't yet appeared in Lautier's repertoire. He usually
plays a Paulsen or a Sveshnikov. His normal time-limit encounter with Black
against Shirov went} (3... g6 4. d4 cxd4 5. Nxd4 Bg7 6. Be3 Nf6 7. Bc4 ({
This time, however, the prepared Shirov would probably play the more principled
} 7. Nxc6 $142) 7... O-O 8. Bb3 a5 9. f3 d5 10. exd5 Nb4 11. Nde2 a4 12. Nxa4
Nfxd5 13. Bf2 Bf5 14. O-O b5 15. Nac3 Nxc3 16. Nxc3 Qxd1 17. Rfxd1 Bxc2 18.
Bxc2 Nxc2 19. Rac1 Bxc3 20. Rxc2 Bf6 {1/2,Shirov,A-Lautier,J/Fontys/1997/}) 4.
Bc4 {Compared to the Fischer game above, White's control of d5 is not so
strong and also f2-f4 requires much more preparation. A heavy maneuvring
struggle starts, in which White relies on his slight lead in development and
white-square control. Black on the other hand believes these pluses are only
temporary in a closed position.} d6 ({An attempt to save a tempo} 4... Be7 5.
d3 Nf6 6. Nd2 $5 {would probably lead to the same position anyway.}) 5. d3 Be7
6. Nd2 $5 {Currently White's main try.} ({Insufficient is the hyperaggressive
piece sacrifice} 6. Ng5 $6 Bxg5 7. Qh5 Be7 $1 8. Qxf7+ Kd7 9. Qxg7 Nf6 10. f4
Qf8 11. Qg3 exf4 12. Qxf4 Ne5 13. O-O Nxc4 14. dxc4 Qg7 15. e5 Rg8 16. Qd2 Ng4
17. exd6 Bf6 18. Qe2 Bd4+ 19. Kh1 Nxh2 20. Rf5 Ng4 21. Nb5 Re8 22. Qf1 Kc6 23.
Nxa7+ Kb6 24. Nxc8+ Raxc8 25. c3 Be3 26. Rh5 Re5 27. Rh4 Rf8 28. Qe2 Bf4 {
0-1,Cseshkovsky,V-Sveshnikov,E/Sochi/1983/}) ({Also the immediate occupation
of the central outpost isn't too promising} 6. Nd5 Be6 (6... Nf6 7. c3 O-O $11)
7. c3 Nf6 8. O-O O-O 9. Re1 Bxd5 10. Bxd5 Nxd5 11. exd5 Nb8 12. d4 exd4 13.
cxd4 Nd7 14. dxc5 Nxc5 15. Be3 Bf6 16. Bd4 Rc8 17. Rc1 Nd7 18. Rxc8 Qxc8 19. h3
Qc4 20. Qb3 Qxb3 21. axb3 Rc8 22. Bxf6 Nxf6 23. Nd4 Kf8 24. Nb5 Rc5 {1/2,
Gdanski,J-Polgar,J/Budapest zt plof /1993/}) ({The former main line was} 6. O-O
Nf6 7. Ng5 O-O 8. f4 exf4 9. Bxf4 h6 10. Nf3 Be6 11. Nd5 $142 $5 ({Black is
well prepared for the tactical assault} 11. Qd2 d5 12. exd5 Nxd5 13. Bxd5 Bxd5
14. Bxh6 gxh6 15. Qxh6 Re8 (15... Be6 $5 16. Ne4 Bf5 $15) 16. Kh1 Ne5 $1 $17 {
Landa,K-Gagarin,V/Bratislava op/1990/}) 11... Bxd5 12. Bxd5 Nxd5 13. exd5 Ne5
14. Qd2 {Polgar,J-Illescas Cordoba,M/Madrid/1995/} Bf6 $5 $11) 6... Bg5 {
Black adapts and also starts maneuvring. But possibly it's better to first
finish development and then start fighting for d5-} (6... Nf6 $142 $5 7. Nf1
Bg4 $1 8. f3 Be6 9. Ne3 O-O 10. O-O a6 11. a3 b5 12. Ba2 Nd7 $1 (12... Bxa2
$143 13. Rxa2 Qd7 14. Ra1 Bd8 15. f4 exf4 16. Rxf4 Nd4 17. Rf2 Rb8 18. Bd2 Ne6
19. Kh1 Nc7 20. Qf3 Nfe8 21. Ne2 Bf6 22. c3 g6 23. Ng4 Bg7 24. Nh6+ Bxh6 25.
Bxh6 Ng7 26. Ng3 f6 27. Raf1 Rf7 28. d4 $36 {Adams,M-Womacka,M/BL/1997/}) 13.
Ncd5 Bg5 14. g3 Bxe3+ 15. Bxe3 Nb6 16. Nxb6 Qxb6 17. Bxe6 fxe6 18. b4 Ne7 19.
Qd2 Rac8 20. bxc5 dxc5 21. Qc3 Qd6 22. a4 c4 23. axb5 axb5 $132 {Rotman,
D-Sutovskij,E/Metz op/1996/}) 7. h4 ({The transposition} 7. Qh5 $6 g6 8. Qd1
Nf6 9. h4 {fails to} Bf4 $1 {/\} 10. g3 $6 Bg4) ({Too soft is} 7. Nf1 Bxc1 8.
Rxc1 Nf6 9. Ne3 O-O 10. O-O Ne7 11. Qd2 Be6 12. Rce1 Rc8 13. Kh1 a6 14. a4 Qd7
15. f4 exf4 16. Rxf4 d5 17. exd5 Nexd5 18. Nexd5 Nxd5 19. Rfe4 Nc7 20. Qe3 b6
21. Bxe6 Nxe6 22. Re5 Qd4 23. Qh3 Rcd8 24. Qf3 Qb4 $132 {Emms,J-Santo Roman,M/
Paris APSAP/1994/}) 7... Bh6 8. Qh5 $1 {The idea is of course not to give a
"Fools mate", but to force a weakness on the >>, thus creating a target for
White.} g6 {[%csl Rg6,Rg7] ׻} 9. Qd1 ({The "tempo gain" is only illusory:} 9.
Qf3 $6 Be6 $13 {[%cal Rc6d4] /\Nd4}) 9... Nf6 10. h5 $1 {An energetic and
ambitious continuation.} ({Tamer and more sedate is} 10. Nf1 Bxc1 11. Qxc1 Be6
12. Ne3 Ne7 $5 (12... Qd7 $143 13. Ned5 Bxd5 14. Nxd5 Nxd5 15. Bxd5 O-O-O 16.
c3 f5 17. Qe3 Ne7 18. Bb3 Qc7 19. h5 $36 {Kasparov,G-Sutovsky,E/Tel Aviv sim/
1998/}) 13. Qd2 O-O $11 14. h5 $6 Nxh5 15. O-O-O Kg7 16. g4 Nf4 17. Ng2 g5 18.
Nxf4 exf4 19. f3 Rh8 20. Bxe6 fxe6 21. d4 c4 22. e5 d5 23. Nb5 Qd7 24. Qb4 Nc6
25. Qa3 Nd8 26. Nd6 Nf7 27. Rde1 h6 28. Re2 b6 29. Qb4 Rad8 $15 {Hector,
J-Schandorff,L/Nordic-ch Reykjavik/1997/}) 10... Nd4 $5 $146 ({The premiere
game with 10.h5! went} 10... Bg4 $5 11. f3 Bd7 12. Bd5 $1 (12. hxg6 hxg6 13.
Nb3 Bg7 14. Rxh8+ Bxh8 15. Bg5 $11 {[%csl Rb3] פb3 The Nb3 got sidetracked
from it's route to e3.}) 12... Nxh5 13. Nc4 Bf8 14. g4 Nf4 15. Bxf4 exf4 16.
Qd2 Ne5 17. Nxe5 $1 (17. Qxf4 Qg5 $1 $15) (17. O-O-O Qg5 18. d4 Nxc4 19. Bxc4
Bg7 20. e5 cxd4 21. Nd5 Rc8 22. Qxd4 Bxe5 23. Qd3 Be6 24. Bb3 O-O 25. Rd2 Bg7
26. Rdh2 h6 27. Kb1 Rc5 28. Nc3 d5 $17 {Fedorov,A-Morozevich,A/Kishinev
Chebanenko mem/1998/}) 17... dxe5 18. Bxb7 Rb8 19. Bd5 Rxb2 20. Bb3 c4 21. dxc4
Bb4 22. Qd3 $1 O-O $8 (22... Qa5 23. O-O-O Bxc3 24. Qxd7+ Kf8 25. Qd8+ $18 {
[%csl Rb2,Gc4] o^c,צb2}) 23. Kf1 {[%cal Rc3d1] /\Nd1+/= Morozevich}) ({
Black can hardly survive the greedy} 10... Nxh5 $2 11. Rxh5 gxh5 12. Qxh5 Bxd2+
(12... Qf6 13. Nd5 Bxd2+ {-12...Bd2}) 13. Bxd2 Qf6 14. Nd5 Qg6 15. Qh4 $1 $16 {
[%csl Re8] ->עe8}) (10... Bd7 $2 11. hxg6 hxg6 12. Nf3 $1 $40) 11. hxg6 hxg6
12. Nb3 {[%csl Gb3] Lautier's new move also prevented Nf3, but on the other
hand now the position of Nb3 is justified, as it neutralizes the active Nd4.} (
12. Nf1 $2 Bd2+ $1 $19) (12. Nf3 $143 Nxf3+ 13. gxf3 (13. Qxf3 $2 Bd2+ $1)
13... Nh5 {<=>}) 12... Ng4 $2 {Although Black has been aiming for the exchange
of the B from move 6, here it costs him too much time.} (12... Bg7 $142 13.
Rxh8+ Bxh8 14. Bg5 (14. Nxd4 $143 cxd4 15. Nd5 Nxd5 16. Bxd5 Qh4 $5 $132) 14...
Ne6 15. Qd2 $5 $14 {/=}) 13. Bxh6 {Simplest.} ({Shirov avoids the primitive
trap} 13. f3 $4 Bd2+ $1 14. Kxd2 Qg5+ $19 {and also the tempting}) (13. Nd5
$143 $6 Bg7 $1 14. Rxh8+ Bxh8 $13) 13... Rxh6 14. Rxh6 Nxh6 15. Qd2 Ng8 16.
O-O-O $16 {[%cal Rf2f4,Gh1h8] @,/\f4,<->h} Be6 ({Black has to give up on the
open file, as after} 16... Qh4 $6 17. Nxd4 exd4 18. Nd5 Kf8 19. g3 Qh6 {
fails to} 20. Qxh6+ Nxh6 21. Rh1 Kg7 22. Nc7 $18 {[%cal Rc7a8,Rc7e8] /\Ne8})
17. Nxd4 exd4 (17... cxd4 18. Nd5 $40 {[%cal Yd2b4] only gives White an extra
resource Qb4.}) (17... Bxc4 18. Nc6 $1 {[]} (18. dxc4 $143 cxd4 19. Nd5 Nf6 $11
) (18. Nde2 Be6 19. f4 Qe7 $14) (18. Nf5 $5 Bxa2 $1 $13) 18... bxc6 19. dxc4
Ke7 $8 20. f4 $40 {[%csl Re7] ע}) 18. Nd5 Kd7 $5 {[] Bizarre, but what else?}
(18... Nf6 19. Bb5+ $1 Bd7 (19... Nd7 20. Rh1 $18) 20. Rh1 Nh5 21. Bxd7+ Kxd7
22. g4 Nf6 23. Qg5 $1 $18 {->}) (18... Qd7 $2 19. Bb5 $1 $18) 19. Rh1 {A
natural move, but an interesting alternative was} (19. c3 $5 {[%csl Rd4,Rd7]
[%cal Rc3d4] |^[+],עd7}) 19... Nf6 20. Bb5+ Kc8 21. Nf4 $5 {Shirov avoids
exchanges for the time being nd wants to exploit the lack of coordination
between his opponent's pieces.} Bd7 (21... Kc7 22. Nxe6+ fxe6 23. Qg5 Qe7 24.
Rh6 $1 $18 {><g6}) (21... a6 $142 $5 22. Nxe6 fxe6 23. Bc4 d5 24. exd5 exd5 25.
Bb3 b5 26. c3 $1 $36 {[%csl Rb5,Rc5,Rc8,Rd5,Rg6] ע,P}) 22. Bc4 Qe8 23. Nd5 $6
{This technical move is the only thing one can blame Shirov for in the game.} (
{More energetic and natural was} 23. c3 $1 Kc7 (23... dxc3 24. Qxc3 Qe7 25.
Rh8+ Ne8 (25... Be8 $2 26. Qxf6 $1 Qxf6 27. Rxe8+ Kd7 28. Bb5+ $18) 26. Rh7 $18
) 24. cxd4 cxd4 25. Qa5+ b6 26. Nd5+ $1 $16) 23... Nxd5 24. Bxd5 Kc7 $1 {[]} (
24... Be6 $143 25. Bxe6+ fxe6 26. Qg5 $18 {[%csl Rg6] ><g6}) (24... Bc6 25.
Bxc6 bxc6 26. Qf4 $18 {->}) 25. Qa5+ ({Did Shirov overlook} 25. Qf4 Be6 26. Rh7
$4 {was impossible due to} Bxd5 27. exd5 Qe1# {? These things sometimes happen.
}) 25... b6 26. Qa6 Bc6 27. Bxc6 Kxc6 (27... Qxc6 $143 28. Rh7 Qd7 29. Qc4 Rf8
30. Qd5 {and Black is completely tied up.}) 28. a4 $5 {Despite squandering
part of his advantage White still keeps the initiative. He has a better pawn
atructure, more active pieces and safer K, all important factors in a major
piece _|_.} ({Promising is also} 28. Qa4+ Kb7 29. Qc4) 28... Rd8 (28... d5 29.
exd5+ Kxd5 30. Qb7+ Kd6 31. Kd2 $1 {[%csl Rd6][%cal Rh1e1] /\Re1->}) (28... Qe6
{[%cal Yd6d5,Ye6f6,Ye6a2] /\d5,Qf6,Qa2} 29. Rh7 $1 d5 (29... Qf6 30. Qc4 Qxf2
$4 31. Qd5+ $18) 30. a5 $16 {/+-}) 29. a5 {[%cal Ra6a7] /\Qa7} (29. Qxa7 $4 Ra8
$19) 29... Rd7 30. axb6 axb6 31. Kd2 $1 {Activates the K and also opens the
first rank for a possible quick piece switch from one flank to another.} Qb8
32. Rh7 Kc7 $6 {A crucial moment. After this White's pressure becomes nearly
irresistable, a better chance was} (32... Qb7 $142 33. Qa2 b5 $16 (33... d5 $5)
) 33. b4 Qb7 34. Qa2 Kc8 $8 (34... Kc6 $2 35. Qd5+ Kc7 (35... Kb5 36. Qc4+ $18)
36. Qxf7 $1 $18) (34... Kb8 35. Rh8+ Kc7 36. Ra8 Qc6 (36... Kc6 37. b5+ $1) 37.
Qa6 $18 {->}) 35. b5 $1 {()(.)} (35. Rh8+ $143 Rd8 $14) 35... d5 (35... Kb8 $2
36. Rh8+ Kc7 37. Ra8 $18) (35... Kd8 36. Rh8+ Ke7 37. f4 (37. Qa1 $143 $6 Rd8
$1 $14) 37... d5 (37... Rd8 $2 38. Qxf7+ $1 $18) (37... Qa7 38. Qxa7 Rxa7 39.
Rb8 $18) 38. e5 $16 {/+-}) 36. Rh8+ Rd8 $6 {The decisive error after a long
defence, the P_|_ is easily lost.} ({Necessary was} 36... Kc7 {although after}
37. e5 {[%cal Rh8a8] /\Ra8} (37. Ra8 Kd6) 37... Rd8 $8 38. Rh7 Rd7 39. Qa1 $1 {
[%cal Ra1h1,Rh1h4,Rh1h2] /\Qh1-h2,h4+- Black will hardly be able to prevent
the decisive penetration of the white Q via the h-file.}) 37. Rxd8+ Kxd8 38.
Qxd5+ Qxd5 39. exd5 Kd7 40. c4 dxc3+ (40... Kd6 41. Ke2 f5 42. f4 $18 {[%cal
Re2h4] /\Kh4}) (40... g5 41. Ke2 f5 42. Kf3 Kd6 43. g4 $18) 41. Kxc3 Ke7 (41...
Kd6 42. Kc4 {[%cal Rd3d4] /\d4+-}) 42. d4 (42. Kc4 $18 {[%cal Rd3d4] /\d4})
42... c4 43. d6+ $5 (43. Kxc4 Kd6 44. g3 f5 45. f3 g5 (45... Kd7 46. d6 $1 Kxd6
47. d5 Ke5 48. f4+ Kf6 $1 49. d6 $1 Ke6 50. d7 Kxd7 51. Kd5 $18) 46. Kc3 Kxd5
47. Kd3 g4 (47... Kd6 48. g4 fxg4 49. fxg4 Kd5 50. Ke3 $18) 48. fxg4 fxg4 49.
Ke3 Kc4 50. Ke4 Kxb5 51. Kd5 $1 $18) 43... Kxd6 44. Kxc4 Ke6 45. d5+ Ke7 (45...
Kd6 46. Kd4 f6 47. f4 Kd7 48. g4 $18 {-45...Ke7}) (45... Ke5 46. f4+ $1 Kd6 47.
Kd4 $18) 46. Kd4 f6 47. f4 Kd7 48. g4 Kd6 49. Ke4 {Avoids the last trap} (49.
g5 $4 f5 50. Kc4 Kd7 $11) 49... Ke7 50. g5 Kf7 51. Kd4 (51. Kd4 Ke7 (51... fxg5
52. fxg5 $18 {[%cal Rd4e5] /\Ke5}) 52. gxf6+ Kxf6 53. Ke4 $18 {[%cal Re4e5] /
\Ke5}) 1-0